000 00192nam a2200085Ia 4500
008 170617s9999 xx 000 0 und d
100 _aOxford
245 2 _aA to Z Grammer & Punctualtion
260 _bOxford
260 _c2010
999 _c15764
_d15764